Times dos MVP's da NBA(2000-2022) - Statistics

Estatísticas Gerais
  • Esse quiz foi jogado 813 vezes
  • A pontuação média é 21 de 22
Estatísticas das Respostas
Temporada MVP Posição Time % Correto
07-08 Kobe Bryant Ala-armador(SG) Los Angeles Lakers
100%
15-16 Stephen Curry Armador(PG) Golden State Warriors
99%
14-15 Stephen Curry Armador(PG) Golden State Warriors
99%
19-20 Giannis Antetokounmpo Ala-pivô(PF) Milwaukee Bucks
99%
18-19 Giannis Antetokounmpo Ala-pivô(PF) Milwaukee Bucks
99%
09-10 LeBron James Ala(SF) Cleveland Cavaliers
98%
08-09 LeBron James Ala(SF) Cleveland Cavaliers
98%
21-22 Nikola Jokić Pivô(C) Denver Nuggets
98%
20-21 Nikola Jokić Pivô(C) Denver Nuggets
98%
12-13 LeBron James Ala(SF) Miami Heat
98%
11-12 LeBron James Ala(SF) Miami Heat
98%
02-03 Tim Duncan Ala-pivô(PF) San Antonio Spurs
97%
01-02 Tim Duncan Ala-pivô(PF) San Antonio Spurs
97%
17-18 James Harden Ala-armador(SG) Houston Rockets
96%
10-11 Derrick Rose Armador(PG) Chicago Bulls
95%
06-07 Dirk Nowitzki Ala-pivô(PF) Dallas Mavericks
95%
16-17 Russell Westbrook Armador(PG) Oklahoma City Thunder
95%
13-14 Kevin Durant Ala(SF) Oklahoma City Thunder
95%
00-01 Allen Iverson Ala-armador(SG) Philadelphia 76ers
92%
05-06 Steve Nash Armador(PG) Phoenix Suns
91%
04-05 Steve Nash Armador(PG) Phoenix Suns
91%
03-04 Kevin Garnett Ala-pivô(PF) Minnesota Timberwolves
87%
Nenhum quiz correspondente encontrado
Distribuição das Pontuações
Porcentagem de Pessoas com Cada Pontuação
Percentil de Números Respondidos
Sua Pontuação Histórica
Você não jogou esse quiz